Biografi gemilang : Umar bin Al-Khattab (Al-Faruq)

Bibliographic Details
Main Author: Mahmud Syakir
Corporate Author: Title
Other Authors: Ibnu Ghazali
Format: Book
Published: Kuala Lumpur : Jasmin Enterprise , 2004
Series:Siri empat khalifah unggul
Subjects:

MARC

LEADER 00000cam a2200000 7i4500
001 0000012743
005 20080130.0
008 080101
020 |a 9832565618 
090 0 0 |a 297.64   |b MAH 
100 0 |a Mahmud Syakir 
245 1 0 |a Biografi gemilang :   |b Umar bin Al-Khattab (Al-Faruq)   |c Mahmud Syakir ; penterjemah Ibnu Ghazali 
260 |a Kuala Lumpur :   |b Jasmin Enterprise ,   |c 2004 
440 |a Siri empat khalifah unggul 
650 0 |a Umar ibn al-Khattab, Caliphs   |x Biography 
700 0 |a Ibnu Ghazali 
710 0 |a Title 
999 |a 0001006412   |b Book   |c Adult Collection   |e Perbadanan Perpustakaan Awam Johor 
999 |a 0001006413   |b Book   |c Adult Collection   |e Perbadanan Perpustakaan Awam Johor 
999 |a 0001008488   |b Book   |c Adult Collection   |e Perbadanan Perpustakaan Awam Johor 
999 |a 0001008489   |b Book   |c Adult Collection   |e Perbadanan Perpustakaan Awam Johor 
999 |a 0001008490   |b Book   |c Adult Collection   |e Desa - PPAJ